Films d'animation de 2005 en images - Statistiques

Statistiques générales
  • Ce quiz a été pris 78 fois
  • Le résultat moyen est 7 sur 12
Statistiques - réponses
Par images Réponse % Correct
Kirikou et les Bêtes sauvages
97%
Madagascar
97%
Winnie l'ourson et l'Éfélant
95%
Wallace et Gromit : Le Mystère du lapin-garou
74%
Chicken Little
67%
Les Noces funèbres
62%
Pollux : Le Manège enchanté
52%
Fullmetal Alchemist: Conqueror of Shamballa
44%
Robots
38%
La Véritable Histoire du Petit Chaperon rouge
32%
Final Fantasy VII: Advent Children
26%
Le Roman de Renart
8%
Aucun quiz correspondant
Distribution des résultats
% des personnes avec chaque résultat
Percentile par nombre de réponses
Votre historique - résultats
Vous n’avez pas pris ce quiz